LDR 01026naa#a2200169#i#450# 001 RU\\bibl\20176 005 20260701110033.3 100 ## _a20260630b2026####ek#y0rusy0150####ca 102 ## _aRU 200 1# _aКОНТЕНТ-БАЗИРОВАННАЯ И КОЛЛАБОРАТИВНАЯ ФИЛЬТРАЦИИ КАК МЕТОДЫ ПОСТРОЕНИЯ ПЕРСОНАЛЬНЫХ РЕКОМЕНДАТЕЛЬНЫХ СИСТЕМ _eСтатья/тезисы конференции 210 1# _aВоронеж _cВоронежский государственный лесотехнический университет имени Г.Ф. Морозова _d2026 215 ## _a8 с. 608 ## _aСтатья/тезисы конференции _2local 675 ## _aИнформационные технологии. Компьютерные технологии. Теория вычислительных машин и систем. 004 _z 700 #1 _aЗлобин _gЕ. А. 700 #1 _aКравченко _gАндрей Сергеевич 856 4# _abibl.vgltu.ru _u